Main contractor experiences of partnering relationships on UK construction projects (Record no. 75075)
[ view plain ]
| 000 -LEADER | |
|---|---|
| fixed length control field | 01092cab a2200193 4500 |
| 001 - CONTROL NUMBER | |
| control field | L129340 |
| 008 - FIXED-LENGTH DATA ELEMENTS--GENERAL INFORMATION | |
| fixed length control field | 050413n2005 000 0 eng u |
| 035 ## - SYSTEM CONTROL NUMBER | |
| System control number | (Sirsi) u129340 |
| 041 ## - LANGUAGE CODE | |
| Language code of text/sound track or separate title | eng |
| 100 ## - MAIN ENTRY--PERSONAL NAME | |
| Personal name | Wood, Gerard D. |
| 245 ## - TITLE STATEMENT | |
| Title | Main contractor experiences of partnering relationships on UK construction projects |
| 260 ## - PUBLICATION, DISTRIBUTION, ETC. | |
| Date of publication, distribution, etc. | 2005 |
| 490 ## - SERIES STATEMENT | |
| Series statement | Construction Management and Economics |
| Volume/sequential designation | 23(3) March 2005, 317-325(9) |
| 520 ## - SUMMARY, ETC. | |
| Summary, etc. | Discusses the results of a pilot study which gathers the opinions of commercial surveyors and managers within the UK construction industry on the subject of partnering. The perceptions of the partnering relationships are generally positive, but this is not usually sustained throughout the project lifecycle. The growth of alternative procurement methods are regarded as having placed contracting parties on a more equal footing, but in today's competitive environment financial concerns remain the commercial manager's principal consideration. |
| 590 ## - LOCAL NOTE (RLIN) | |
| Local note | IKA150405 |
| 690 ## - LOCAL SUBJECT ADDED ENTRY--TOPICAL TERM (OCLC, RLIN) | |
| Topical term or geographic name as entry element | Procurement |
| 9 (RLIN) | 6260 |
| 700 ## - ADDED ENTRY--PERSONAL NAME | |
| Personal name | Ellis, Robert C. T. |
| 942 ## - ADDED ENTRY ELEMENTS (KOHA) | |
| Suppress in OPAC | 0 |
| Withdrawn status | Lost status | Source of classification or shelving scheme | Damaged status | Not for loan | Home library | Current library | Shelving location | Date acquired | Total Checkouts | Full call number | Barcode | Date last seen | Copy number | Price effective from | Koha item type |
|---|---|---|---|---|---|---|---|---|---|---|---|---|---|---|---|
| Dewey Decimal Classification | London | London | Journal article | 13/04/2005 | L129340 | 129340-1001 | 06/08/2019 | 1 | 06/08/2019 | Journal article |